Colleges by A Cappella Group - Statistics

General Stats
  • This quiz has been taken 28 times
  • The average score is 15 of 30
Answer Stats
Hint Answer % Correct
Orange Appeal Syracuse University
90%
Mizzou Forte University of Missouri
90%
The SoCal VoCals University of Southern California
90%
The TEMPEtations Arizona State University
70%
Ithacappella Ithaca College
70%
The Nor'easters Northeastern University
70%
Pennharmonics Pennsylvania State University
70%
Amazin' Blue University of Michigan
70%
BosTones Boston University
60%
The Hofbeats Hofstra University
60%
Buck That! The Ohio State University
60%
Pittch Please University of Pittsburgh
60%
Cockappella University of South Carolina
60%
reVOLution University of Tennessee
50%
Songhorns University of Texas
50%
Wheatones Wheaton College (MA)
50%
The Madison Project James Madison University
40%
Obertones Oberlin College
40%
The Rensselyrics Rensselaer Polytechnic Institute
40%
The Tarpeggios University of North Carolina
40%
Shockappella Wichita State University
40%
The RoaNotes Roanoke College
30%
MelUDees University of Delaware
30%
AcoUstiKats University of Kentucky
30%
The Beltones Belmont University
20%
Carthachords Carthage College
20%
Stuck in the Middle Middlebury College
20%
HartAttack University of Hartford
20%
ChapTones Chapman University
10%
Ottertuned Otterbein University
10%
No matching quizzes found
Score Distribution
Percent of People with Each Score
Percentile by Number Answered
Your Score History
You have not taken this quiz